City Spotlight (Record no. 13921)
[ view plain ]
| 000 -LEADER | |
|---|---|
| fixed length control field | 00913cab a2200193 4500 |
| 001 - CONTROL NUMBER | |
| control field | ABS40024 |
| 008 - FIXED-LENGTH DATA ELEMENTS--GENERAL INFORMATION | |
| fixed length control field | 090401t1988 xxu||||| |||| 00| 0 eng d |
| 035 ## - SYSTEM CONTROL NUMBER | |
| System control number | (Sirsi) u20772 |
| 041 ## - LANGUAGE CODE | |
| Language code of text/sound track or separate title | eng |
| 100 ## - MAIN ENTRY--PERSONAL NAME | |
| Personal name | Slavid, R. |
| 245 ## - TITLE STATEMENT | |
| Title | City Spotlight |
| 260 ## - PUBLICATION, DISTRIBUTION, ETC. | |
| Date of publication, distribution, etc. | 1988 |
| 350 ## - PRICE (NR) (BK AM CF MU VM SE) [OBSOLETE] | |
| Price | 0 |
| 490 ## - SERIES STATEMENT | |
| Series statement | Construction News |
| Volume/sequential designation | (6085) 27 October 1988, 25-34(8) |
| 520 ## - SUMMARY, ETC. | |
| Summary, etc. | A special feature on the current boom in commercial development in the City of London . Includes interviews with the City`s planning officer who is mostly responsible for the form the development is taking and the chairman of City Heritage who presents the conservationists` view. Includes details of some of the major projects already underway in the City and looks at the problems currently facing Mowlem in constructing the new Lee House at the London Wall . |
| 690 ## - LOCAL SUBJECT ADDED ENTRY--TOPICAL TERM (OCLC, RLIN) | |
| Topical term or geographic name as entry element | PROPERTY-COMMERCIAL PROPERTY |
| 942 ## - ADDED ENTRY ELEMENTS (KOHA) | |
| Suppress in OPAC | 0 |
| 948 ## - LOCAL PROCESSING INFORMATION (OCLC); SERIES PART DESIGNATOR (RLIN) | |
| c (OCLC) | 04/03/1997 |
| Withdrawn status | Lost status | Source of classification or shelving scheme | Damaged status | Not for loan | Home library | Current library | Shelving location | Date acquired | Total Checkouts | Full call number | Barcode | Date last seen | Copy number | Price effective from | Koha item type |
|---|---|---|---|---|---|---|---|---|---|---|---|---|---|---|---|
| Dewey Decimal Classification | London | London | Journal article | 14/09/1999 | ABS40024 | 20772-1001 | 06/08/2019 | 1 | 06/08/2019 | Journal article |